Normal view
MARC view
Entry Personal Name
001 - CONTROL NUMBER
- control field: 1236985
003 - CONTROL NUMBER IDENTIFIER
- control field: OSt
005 - DATE AND TIME OF LATEST TRANSACTION
- control field: 20260430150252.0
008 - FIXED-LENGTH DATA ELEMENTS
- fixed length control field: 260430|| aca||aabn | a|a d
040 ## - CATALOGING SOURCE
- Original cataloging agency: OSt
- Transcribing agency: OSt
100 ## - HEADING--PERSONAL NAME
- Personal name: Akhtar Asim Au.; Khan M N Gu
670 ## - SOURCE DATA FOUND
- Source citation: Work cat.: (OSt)1849375: Akhtar Asim Au.; Khan M N Gu., Kitabat Abdul Munim al-namr haul al-tareekh al islami balhind: darasatah naqadia (Writings of Abdul Munim al Namir on the history of islam in India), 2020
